| 000 | 00525nam a2200193 4500 | ||
|---|---|---|---|
| 003 | OSt | ||
| 005 | 20260601193907.0 | ||
| 008 | 260520b |||||||| |||| 00| 0 spa d | ||
| 040 |
_aICI _bspa _cICI _erda |
||
| 050 |
_aNK2195 _b.D57 |
||
| 100 |
_aQuerétaro, Ciudad _eautor _934607 |
||
| 245 | _a Distrito del diseño Querétaro | ||
| 264 |
_aMéxico _bQuerétario Ciudad _c2019 |
||
| 300 | _a61 páginas | ||
| 336 |
_2rdacontent _atexto |
||
| 337 |
_2rdamedia _asin medio |
||
| 338 |
_2rdacarrier _avolumen |
||
| 942 |
_2lcc _n1 _cB |
||
| 999 |
_c22428 _d22428 |
||